|
|
|
|
| LEADER |
02468nam a2200685 a 4500 |
| 001 |
nkc20132529198 |
| 003 |
CZ PrNK |
| 005 |
20140103110133.0 |
| 007 |
ta |
| 008 |
131206s2013 xr a e f 000 0 cze |
| 015 |
|
|
|a cnb002529198
|
| 020 |
|
|
|a 978-80-904851-9-8
|q (brož.)
|
| 035 |
|
|
|a (OCoLC)870288542
|
| 040 |
|
|
|a BOA001
|b cze
|
| 043 |
|
|
|a e-xr---
|b e-xr-zl
|2 czenas
|
| 072 |
|
7 |
|a 39
|x Kulturní antropologie. Etnologie. Etnografie
|2 Konspekt
|9 1
|
| 080 |
|
|
|a "324"
|2 MRF
|
| 080 |
|
|
|a 398.33
|2 MRF
|
| 080 |
|
|
|a 2-562/-567
|2 MRF
|
| 080 |
|
|
|a 394.2/.7
|2 MRF
|
| 080 |
|
|
|a 39
|2 MRF
|
| 080 |
|
|
|a 398.332.414
|2 MRF
|
| 080 |
|
|
|a 398.332.416
|2 MRF
|
| 080 |
|
|
|a 398.332.47
|2 MRF
|
| 080 |
|
|
|a 398.3
|2 MRF
|
| 080 |
|
|
|a (437.323)
|2 MRF
|
| 080 |
|
|
|a (0.062)
|2 MRF
|
| 100 |
1 |
|
|a Tichá, Jana
|7 mzk2007381913
|4 aut
|
| 245 |
1 |
0 |
|a Zima na Rožnovsku :
|b výroční zvyky a slavnosti /
|c Jana Tichá
|
| 250 |
|
|
|a 1. vyd.
|
| 260 |
|
|
|a Rožnov pod Radhoštěm :
|b Město Rožnov pod Radhoštěm,
|c 2013
|
| 300 |
|
|
|a 87 s. :
|b il. (některé barev.) ;
|c 15 cm
|
| 490 |
1 |
|
|a Rožnovské malé tisky ;
|v sv. 21
|
| 504 |
|
|
|a Obsahuje bibliografii
|
| 650 |
0 |
7 |
|a zima
|7 ph273318
|2 czenas
|
| 650 |
0 |
7 |
|a svátky
|7 ph116350
|z Česko
|2 czenas
|
| 650 |
0 |
7 |
|a slavnosti
|7 ph125624
|z Česko
|2 czenas
|
| 650 |
0 |
7 |
|a zvyky a obyčeje
|7 ph137519
|z Česko
|2 czenas
|
| 650 |
0 |
7 |
|a adventní zvyky
|7 ph137512
|z Česko
|2 czenas
|
| 650 |
0 |
7 |
|a vánoční zvyky
|7 ph137511
|z Česko
|2 czenas
|
| 650 |
0 |
7 |
|a masopustní zvyky
|7 ph137513
|z Česko
|2 czenas
|
| 650 |
0 |
7 |
|a lidové zvyky
|7 ph137518
|z Česko
|2 czenas
|
| 650 |
0 |
9 |
|a winter
|2 eczenas
|
| 650 |
0 |
9 |
|a feasts
|z Czechia
|2 eczenas
|
| 650 |
0 |
9 |
|a festivals
|z Czechia
|2 eczenas
|
| 650 |
0 |
9 |
|a manners and customs
|z Czechia
|2 eczenas
|
| 650 |
0 |
9 |
|a advent customs
|z Czechia
|2 eczenas
|
| 650 |
0 |
9 |
|a Christmas customs
|z Czechia
|2 eczenas
|
| 650 |
0 |
9 |
|a Shrovetide customs
|z Czechia
|2 eczenas
|
| 650 |
0 |
9 |
|a folk customs
|z Czechia
|2 eczenas
|
| 651 |
|
7 |
|a Rožnov pod Radhoštěm (Česko : oblast)
|7 ge163304
|x etnografie
|2 czenas
|
| 651 |
|
9 |
|a Rožnov pod Radhoštěm Region (Czechia)
|x ethnography
|2 eczenas
|
| 655 |
|
7 |
|a populárně-naučné publikace
|7 fd131864
|2 czenas
|
| 655 |
|
9 |
|a popular works
|2 eczenas
|
| 830 |
|
0 |
|a Rožnovské malé tisky
|0 s
|
| 910 |
2 |
|
|a BOA001
|b S-1312.909
|
| 990 |
|
|
|a BK
|
| 995 |
|
|
|a 01
|
| 991 |
|
|
|b 201312
|c NOV
|e n
|
| 996 |
6 |
|
|b 2610573069
|c S-1312.909
|l MZK
|r Sklad / do 24 hodin
|n 4
|p p.v.
|w 001387739
|u 000010
|a 1
|e BOA001
|j MZK50
|s P
|